Complex variables and applications (Record no. 3507)

000 -LEADER
fixed length control field 00586nam a22002297a 4500
001 - CONTROL NUMBER
control field 3507
003 - CONTROL NUMBER IDENTIFIER
control field BD-DhUET
008 - FIXED-LENGTH DATA ELEMENTS--GENERAL INFORMATION
fixed length control field 141101b xxu||||| |||| 00| 0 eng d
020 ## - INTERNATIONAL STANDARD BOOK NUMBER
International Standard Book Number 0070108552
040 ## - CATALOGING SOURCE
Transcribing agency 0
Modifying agency BD-DhUET
082 ## - DEWEY DECIMAL CLASSIFICATION NUMBER
Classification number 517.8
Item number CHU/1974
100 ## - MAIN ENTRY--PERSONAL NAME
Personal name Churchill, Ruel V.
245 ## - TITLE STATEMENT
Title Complex variables and applications
250 ## - EDITION STATEMENT
Edition statement 3rd ed.
260 ## - PUBLICATION, DISTRIBUTION, ETC. (IMPRINT)
Place of publication, distribution, etc. New York
Name of publisher, distributor, etc. McGraw-Hill
Date of publication, distribution, etc. 1974
300 ## - PHYSICAL DESCRIPTION
Extent x, 332 p.
Other physical details ill.
Dimensions 23 cm.
504 ## - BIBLIOGRAPHY, ETC. NOTE
Bibliography, etc Includes bibliographies
650 #0 - SUBJECT ADDED ENTRY--TOPICAL TERM
Topical term or geographic name as entry element Complex variables
700 ## - ADDED ENTRY--PERSONAL NAME
Personal name Brown, James W.
700 ## - ADDED ENTRY--PERSONAL NAME
Personal name Verhey, Roger F.
942 ## - ADDED ENTRY ELEMENTS (KOHA)
Koha item type General Book
Holdings
Source of classification or shelving scheme Withdrawn status Sublocation or collection (holding branch) Date acquired Copy number Koha item type Koha date last seen Koha date last borrowed Koha full call number Piece designation (barcode) Koha renewals Location (home branch) Lost status Price effective from Damaged status Koha normalized classification for sorting Not for loan Shelving location
  Central Library, BUET2014-11-011General Book2014-11-01 517.8/CHU/197439411 Central Library, BUET 2014-11-01 517_800000000000000_CHU_1974 Circulation section
  Central Library, BUET2014-11-012General Book2014-11-01 517.8/CHU/197443301 Central Library, BUET 2014-11-01 517_800000000000000_CHU_1974 Circulation section
  Central Library, BUET2014-11-013General Book2014-11-01 517.8/CHU/197445109 Central Library, BUET 2014-11-01 517_800000000000000_CHU_1974 Circulation section
  Central Library, BUET2014-11-014General Book2016-05-18 517.8/CHU/197452889 Central Library, BUET 2014-11-01 517_800000000000000_CHU_1974 Circulation section
  Central Library, BUET2014-11-175General Book2016-04-02 517.8/CHU/197437655 Central Library, BUET 2014-11-17 517_800000000000000_CHU_1974 Circulation section
  Central Library, BUET2014-11-176General Book2016-08-30 517.8/CHU/1974580322Central Library, BUET 2014-11-17 517_800000000000000_CHU_1974 Circulation section
  Central Library, BUET2015-05-037General Book2015-05-030000-00-00517.8/CHU/197452887 Central Library, BUET 2015-05-03 517_800000000000000_CHU_1974 Circulation section
  Central Library, BUET2015-05-038General Book2015-05-03 517.8/CHU/197437654 Central Library, BUET 2015-05-03 517_800000000000000_CHU_1974 Circulation section
  Central Library, BUET2015-05-049General Book2015-05-04 517.8/CHU/197439412 Central Library, BUET 2015-05-04 517_800000000000000_CHU_1974 Circulation section
  Central Library, BUET2015-05-2010General Book2015-05-20 517.8/CHU/197458033 Central Library, BUET 2015-05-20 517_800000000000000_CHU_1974 Circulation section
  Central Library, BUET2015-06-1311Reading Item2015-06-13 517.8/CHU/197424535 Central Library, BUET 2015-06-13 517_800000000000000_CHU_1974 Reading section
  Central Library, BUET2015-07-1312General Book2015-07-13 517.8/CHU/197443304 Central Library, BUET 2015-07-13 517_800000000000000_CHU_1974 Circulation section